书目信息 |
| 题名: |
手把手教你作文起步
|
|
| 作者: | 陈莹 主编 ;湖南教育出版社 | |
| 分册: | ||
| 出版信息: | 长沙 湖南教育出版社 2013.04 |
|
| 页数: | 120页 | |
| 开本: | 21cm | |
| 丛书名: | 手把手系列 | |
| 单 册: | ||
| 中图分类: | G624.243 | |
| 科图分类: | ||
| 主题词: | 作文课--小学--教学参考资料 | |
| 电子资源: | ||
| ISBN: | 978-7-5355-6455-9 | |
| 000 | 00904nam 2200289 450 | |
| 001 | 2360468882 | |
| 005 | 20231225205736.47 | |
| 010 | @a978-7-5355-6455-9@d19.80CNY | |
| 100 | @a20120306d2013 cd y0chiy50 ea | |
| 101 | 0 | @achi |
| 102 | @aCN@b430000 | |
| 105 | @aa z 000yy | |
| 200 | 1 | @a手把手教你作文起步@Ashou ba shou jiao ni zuo wen qi bu@f湖南教育出版社 |
| 205 | @a第2版 | |
| 210 | @a长沙@c湖南教育出版社@d2013.04 | |
| 215 | @a120页@c彩图@d21cm | |
| 225 | 2 | @a手把手系列@Ashou ba shou xi lie |
| 300 | @a彩色注音版 | |
| 314 | @a本书主编: 陈莹 | |
| 330 | @a本书内容包括: 写好句子并不难; 连句成段很简单; 写成一篇也容易。 | |
| 410 | 0 | @12001 @a手把手系列 |
| 606 | 0 | @a作文课@x小学@j教学参考资料 |
| 690 | @aG624.243@v5 | |
| 701 | 0 | @a陈莹@Achen ying@4主编 |
| 711 | 02 | @a湖南教育出版社@Ahu nan jiao yu chu ban she |
| 801 | 0 | @aCN@b湖北三新@c20120401 |
| 905 | @aBZT@dG624.243@e10=2 | |
| 手把手教你作文起步/湖南教育出版社.-第2版.-长沙:湖南教育出版社,2013.04 |
| 120页:彩图;21cm.-(手把手系列) |
| 彩色注音版 |
| ISBN 978-7-5355-6455-9:19.80CNY |
| 本书内容包括: 写好句子并不难; 连句成段很简单; 写成一篇也容易。 |
| ● |
| 相关链接 |
|
|
|
正题名:手把手教你作文起步
索取号:G624.243/10=2
 
预约/预借
| 序号 | 登录号 | 条形码 | 馆藏地/架位号 | 状态 | 备注 |
| 1 | 2001596533 | 2001596533 | 辽三/辽宁北配(第三批)/2103/ [索取号:G624.243/10=2] | 在馆 | |
| 2 | 2001596534 | 2001596534 | 辽三/辽宁北配(第三批)/2103/ [索取号:G624.243/10=2] | 在馆 | |
| 3 | 2001596535 | 2001596535 | 辽三/辽宁北配(第三批)/2103/ [索取号:G624.243/10=2] | 在馆 | |
| 4 | 2001596536 | 2001596536 | 辽三/辽宁北配(第三批)/2103/ [索取号:G624.243/10=2] | 在馆 | |
| 5 | 2001596537 | 2001596537 | 辽三/辽宁北配(第三批)/2103/ [索取号:G624.243/10=2] | 在馆 | |
| 6 | 2001596538 | 2001596538 | 辽三/辽宁北配(第三批)/2103/ [索取号:G624.243/10=2] | 在馆 | |
| 7 | 2001596539 | 2001596539 | 辽三/辽宁北配(第三批)/2103/ [索取号:G624.243/10=2] | 在馆 | |
| 8 | 2001596540 | 2001596540 | 辽三/辽宁北配(第三批)/2103/ [索取号:G624.243/10=2] | 在馆 | |
| 9 | 2001596541 | 2001596541 | 辽三/辽宁北配(第三批)/2103/ [索取号:G624.243/10=2] | 在馆 | |
| 10 | 2001596542 | 2001596542 | 辽三/辽宁北配(第三批)/2103/ [索取号:G624.243/10=2] | 在馆 | |
| 11 | 2001596543 | 2001596543 | 辽三/辽宁北配(第三批)/2103/ [索取号:G624.243/10=2] | 在馆 | |
| 12 | 2001596544 | 2001596544 | 辽三/辽宁北配(第三批)/2103/ [索取号:G624.243/10=2] | 在馆 | |
| 13 | 2001596545 | 2001596545 | 辽三/辽宁北配(第三批)/2103/ [索取号:G624.243/10=2] | 在馆 | |
| 14 | 2001596546 | 2001596546 | 辽三/辽宁北配(第三批)/2103/ [索取号:G624.243/10=2] | 在馆 | |
| 15 | 2001596547 | 2001596547 | 辽三/辽宁北配(第三批)/2103/ [索取号:G624.243/10=2] | 在馆 | |
| 16 | 2001596548 | 2001596548 | 辽三/辽宁北配(第三批)/2103/ [索取号:G624.243/10=2] | 在馆 | |
| 17 | 2001596549 | 2001596549 | 辽三/辽宁北配(第三批)/2103/ [索取号:G624.243/10=2] | 在馆 | |
| 18 | 2001596550 | 2001596550 | 辽三/辽宁北配(第三批)/2103/ [索取号:G624.243/10=2] | 在馆 | |
| 19 | 2001596551 | 2001596551 | 辽三/辽宁北配(第三批)/2103/ [索取号:G624.243/10=2] | 在馆 | |
| 20 | 2001596552 | 2001596552 | 辽三/辽宁北配(第三批)/2103/ [索取号:G624.243/10=2] | 在馆 | |
| 21 | 2001596553 | 2001596553 | 辽三/辽宁北配(第三批)/2103/ [索取号:G624.243/10=2] | 在馆 | |
| 22 | 2001596554 | 2001596554 | 辽三/辽宁北配(第三批)/2103/ [索取号:G624.243/10=2] | 在馆 | |
| 23 | 2001596555 | 2001596555 | 辽三/辽宁北配(第三批)/2103/ [索取号:G624.243/10=2] | 在馆 | |
| 24 | 2001596556 | 2001596556 | 辽三/辽宁北配(第三批)/2103/ [索取号:G624.243/10=2] | 在馆 | |
| 25 | 2001596557 | 2001596557 | 辽三/辽宁北配(第三批)/2103/ [索取号:G624.243/10=2] | 在馆 | |
| 26 | 2001596558 | 2001596558 | 辽三/辽宁北配(第三批)/2103/ [索取号:G624.243/10=2] | 在馆 | |
| 27 | 2001596559 | 2001596559 | 辽三/辽宁北配(第三批)/2103/ [索取号:G624.243/10=2] | 在馆 | |
| 28 | 2001596560 | 2001596560 | 辽三/辽宁北配(第三批)/2103/ [索取号:G624.243/10=2] | 在馆 | |
| 29 | 2001596561 | 2001596561 | 辽三/辽宁北配(第三批)/2103/ [索取号:G624.243/10=2] | 在馆 | |
| 30 | 2001596562 | 2001596562 | 辽三/辽宁北配(第三批)/2103/ [索取号:G624.243/10=2] | 在馆 |